00498nam a2200193 a 4500001001300000003000900013005001700022008004100039020001000080082001600090100002100106245003800127260004000165300000900205500003500214505001000249650002400259700002100283nice12345678IN_TiNIC20260116012608.0050524s1975 edia grp 000 0 eng  ac10000a227.83bBAR aBarclay, William aLetters to Timothy Titus Philemon aEdinburghbSaint Andrew Pressc1975 a324p aincludes index and biblioraphy2 aIndex aBible N.T. Epistles1 aBarclay, William